000 00818nam a2200337 a 4500
003 AR-BaBNM
005 20251128205912.0
008 082120s2002 ||||||||||||||000 | spa||
020 _a950-14-0851-5
040 _cAR-BaBNM
245 0 0 _aLegislación atinente a la niñez en las Américas
250 _a1ª ed.
260 _aBuenos Aires
_bDepalma
_c1995
300 _a281 p.
650 4 _aLEGISLACION
650 4 _aNIÑEZ
650 4 _aCUIDADO DEL NIÑO
650 4 _aNECESIDADES DEL NIÑO
651 4 _aPerú
651 4 _aMéxico
651 4 _aEcuador
651 4 _aCosta Rica
651 4 _aColombia
651 4 _aBrasil
651 4 _aBolivia
651 4 _aArgentina
651 4 _aAmérica Latina
700 1 _aCalvento Solari, Ubbaldino
_ecompilador
942 _cBK
998 _cCarmen
999 _c13220
_d13220